<?xml version="1.0" encoding="UTF-8"?>
<record
    xmlns:xsi="http://www.w3.org/2001/XMLSchema-instance"
    xsi:schemaLocation="http://www.loc.gov/MARC21/slim http://www.loc.gov/standards/marcxml/schema/MARC21slim.xsd"
    xmlns="http://www.loc.gov/MARC21/slim">

  <leader>01087 am a2200325 a 4500</leader>
  <controlfield tag="005">20240626121645.0</controlfield>
  <controlfield tag="008">100304s1997||||ag a   f |||| 001 0 spa d</controlfield>
  <datafield tag="020" ind1=" " ind2=" ">
    <subfield code="a">9500601524</subfield>
  </datafield>
  <datafield tag="041" ind1=" " ind2=" ">
    <subfield code="a">spa</subfield>
  </datafield>
  <datafield tag="092" ind1=" " ind2=" ">
    <subfield code="c">611.9</subfield>
    <subfield code="l">8</subfield>
    <subfield code="s">BOU</subfield>
  </datafield>
  <datafield tag="100" ind1="1" ind2=" ">
    <subfield code="a">Bouchet, Alain.</subfield>
    <subfield code="9">104</subfield>
  </datafield>
  <datafield tag="245" ind1=" " ind2=" ">
    <subfield code="a">Anatom&#xED;a Descriptiva, Topogr&#xE1;fica y Funcional.</subfield>
    <subfield code="b">Regi&#xF3;n Retroperitoneal. Pelvis Menor. Perineo /</subfield>
    <subfield code="c">Alain Bouchet</subfield>
  </datafield>
  <datafield tag="250" ind1=" " ind2=" ">
    <subfield code="a">1a ed.</subfield>
    <subfield code="b">Traducci&#xF3;n Ernesto Brik ; Germ&#xE1;n Niedfeld y Antonio M&#xE9;ndez Anell</subfield>
  </datafield>
  <datafield tag="260" ind1=" " ind2=" ">
    <subfield code="a">Buenos Aires:</subfield>
    <subfield code="b">Editorial M&#xE9;dica Panamericana;</subfield>
    <subfield code="c">1997.</subfield>
  </datafield>
  <datafield tag="300" ind1=" " ind2=" ">
    <subfield code="a">328 p.</subfield>
  </datafield>
  <datafield tag="500" ind1=" " ind2=" ">
    <subfield code="a">Bouchet, A. y Cuilleret, J. (1997). Anatom&#xED;a descriptiva, topogr&#xE1;fica y funcional. Regi&#xF3;n retroperitoneal. Pelvis menor. Perineo. (1a ed.). Buenos Aires : Editorial M&#xE9;dica Panamericana.</subfield>
  </datafield>
  <datafield tag="653" ind1=" " ind2=" ">
    <subfield code="a">Regi&#xF3;n retroperitoneal</subfield>
  </datafield>
  <datafield tag="653" ind1=" " ind2=" ">
    <subfield code="a">Pelvis menor</subfield>
  </datafield>
  <datafield tag="653" ind1=" " ind2=" ">
    <subfield code="a">Perineo</subfield>
  </datafield>
  <datafield tag="700" ind1="1" ind2=" ">
    <subfield code="a">Cuilleret, Jacques.</subfield>
    <subfield code="9">105</subfield>
  </datafield>
  <datafield tag="930" ind1=" " ind2=" ">
    <subfield code="a">100</subfield>
  </datafield>
  <datafield tag="930" ind1=" " ind2=" ">
    <subfield code="a">101</subfield>
  </datafield>
  <datafield tag="930" ind1=" " ind2=" ">
    <subfield code="a">136</subfield>
  </datafield>
  <datafield tag="930" ind1=" " ind2=" ">
    <subfield code="a">646</subfield>
  </datafield>
  <datafield tag="930" ind1=" " ind2=" ">
    <subfield code="a">647</subfield>
  </datafield>
  <datafield tag="930" ind1=" " ind2=" ">
    <subfield code="a">648</subfield>
  </datafield>
  <datafield tag="930" ind1=" " ind2=" ">
    <subfield code="a">649</subfield>
  </datafield>
  <datafield tag="930" ind1=" " ind2=" ">
    <subfield code="a">650</subfield>
  </datafield>
  <datafield tag="942" ind1=" " ind2=" ">
    <subfield code="2">ddc</subfield>
    <subfield code="c">BK</subfield>
    <subfield code="0">1</subfield>
  </datafield>
  <datafield tag="999" ind1=" " ind2=" ">
    <subfield code="c">27</subfield>
    <subfield code="d">27</subfield>
  </datafield>
  <datafield tag="952" ind1=" " ind2=" ">
    <subfield code="0">0</subfield>
    <subfield code="1">0</subfield>
    <subfield code="2">ddc</subfield>
    <subfield code="4">0</subfield>
    <subfield code="7">0</subfield>
    <subfield code="8">REF</subfield>
    <subfield code="a">BFM</subfield>
    <subfield code="b">BFM</subfield>
    <subfield code="c">REF</subfield>
    <subfield code="d">2011-05-13</subfield>
    <subfield code="l">4</subfield>
    <subfield code="o">611.9 8 BOU</subfield>
    <subfield code="p">100</subfield>
    <subfield code="r">2024-09-17</subfield>
    <subfield code="s">2024-09-13</subfield>
    <subfield code="t">ej.1</subfield>
    <subfield code="w">2011-05-13</subfield>
    <subfield code="y">REF</subfield>
    <subfield code="z">LIBRO DE CONSULTA</subfield>
  </datafield>
  <datafield tag="952" ind1=" " ind2=" ">
    <subfield code="0">0</subfield>
    <subfield code="1">0</subfield>
    <subfield code="2">ddc</subfield>
    <subfield code="4">0</subfield>
    <subfield code="7">0</subfield>
    <subfield code="8">REF</subfield>
    <subfield code="a">BFM</subfield>
    <subfield code="b">BFM</subfield>
    <subfield code="c">REF</subfield>
    <subfield code="d">2011-05-13</subfield>
    <subfield code="l">1</subfield>
    <subfield code="m">12</subfield>
    <subfield code="o">611.9 8 BOU</subfield>
    <subfield code="p">136</subfield>
    <subfield code="q">2029-03-01</subfield>
    <subfield code="r">2014-11-06</subfield>
    <subfield code="s">2011-09-22</subfield>
    <subfield code="t">ej.3</subfield>
    <subfield code="w">2011-05-13</subfield>
    <subfield code="y">REF</subfield>
    <subfield code="z">LIBRO DE CATEDRA</subfield>
  </datafield>
  <datafield tag="952" ind1=" " ind2=" ">
    <subfield code="0">0</subfield>
    <subfield code="1">0</subfield>
    <subfield code="4">0</subfield>
    <subfield code="7">0</subfield>
    <subfield code="a">BFM</subfield>
    <subfield code="b">BFM</subfield>
    <subfield code="c">CR</subfield>
    <subfield code="d">2011-05-13</subfield>
    <subfield code="l">16</subfield>
    <subfield code="o">611.9 8 BOU</subfield>
    <subfield code="p">646</subfield>
    <subfield code="r">2024-12-18</subfield>
    <subfield code="s">2024-12-11</subfield>
    <subfield code="t">ej.4</subfield>
    <subfield code="w">2011-05-13</subfield>
    <subfield code="y">BK</subfield>
  </datafield>
  <datafield tag="952" ind1=" " ind2=" ">
    <subfield code="0">0</subfield>
    <subfield code="1">0</subfield>
    <subfield code="4">0</subfield>
    <subfield code="7">0</subfield>
    <subfield code="a">BFM</subfield>
    <subfield code="b">BFM</subfield>
    <subfield code="c">CR</subfield>
    <subfield code="d">2011-05-13</subfield>
    <subfield code="l">19</subfield>
    <subfield code="m">3</subfield>
    <subfield code="o">611.9 8 BOU</subfield>
    <subfield code="p">647</subfield>
    <subfield code="r">2025-09-16</subfield>
    <subfield code="s">2025-09-09</subfield>
    <subfield code="t">ej.5</subfield>
    <subfield code="w">2011-05-13</subfield>
    <subfield code="y">BK</subfield>
  </datafield>
  <datafield tag="952" ind1=" " ind2=" ">
    <subfield code="0">0</subfield>
    <subfield code="1">0</subfield>
    <subfield code="4">0</subfield>
    <subfield code="7">0</subfield>
    <subfield code="a">BFM</subfield>
    <subfield code="b">BFM</subfield>
    <subfield code="c">CR</subfield>
    <subfield code="d">2011-05-13</subfield>
    <subfield code="l">18</subfield>
    <subfield code="m">2</subfield>
    <subfield code="o">611.9 8 BOU</subfield>
    <subfield code="p">648</subfield>
    <subfield code="r">2025-09-09</subfield>
    <subfield code="s">2025-09-01</subfield>
    <subfield code="t">ej.6</subfield>
    <subfield code="w">2011-05-13</subfield>
    <subfield code="y">BK</subfield>
  </datafield>
  <datafield tag="952" ind1=" " ind2=" ">
    <subfield code="0">0</subfield>
    <subfield code="1">0</subfield>
    <subfield code="4">0</subfield>
    <subfield code="7">0</subfield>
    <subfield code="a">BFM</subfield>
    <subfield code="b">BFM</subfield>
    <subfield code="c">CR</subfield>
    <subfield code="d">2011-05-13</subfield>
    <subfield code="l">22</subfield>
    <subfield code="o">611.9 8 BOU</subfield>
    <subfield code="p">649</subfield>
    <subfield code="r">2025-09-10</subfield>
    <subfield code="s">2025-09-03</subfield>
    <subfield code="t">ej.7</subfield>
    <subfield code="w">2011-05-13</subfield>
    <subfield code="y">BK</subfield>
  </datafield>
  <datafield tag="952" ind1=" " ind2=" ">
    <subfield code="0">0</subfield>
    <subfield code="1">0</subfield>
    <subfield code="4">0</subfield>
    <subfield code="7">0</subfield>
    <subfield code="a">BFM</subfield>
    <subfield code="b">BFM</subfield>
    <subfield code="c">CR</subfield>
    <subfield code="d">2011-05-13</subfield>
    <subfield code="l">13</subfield>
    <subfield code="m">1</subfield>
    <subfield code="o">611.9 8 BOU</subfield>
    <subfield code="p">650</subfield>
    <subfield code="r">2025-09-16</subfield>
    <subfield code="s">2025-09-09</subfield>
    <subfield code="t">ej.8</subfield>
    <subfield code="w">2011-05-13</subfield>
    <subfield code="y">BK</subfield>
  </datafield>
  <datafield tag="952" ind1=" " ind2=" ">
    <subfield code="0">0</subfield>
    <subfield code="1">0</subfield>
    <subfield code="2">ddc</subfield>
    <subfield code="4">0</subfield>
    <subfield code="7">0</subfield>
    <subfield code="a">BFM</subfield>
    <subfield code="b">BFM</subfield>
    <subfield code="c">CR</subfield>
    <subfield code="d">2026-05-19</subfield>
    <subfield code="e">Donaci&#xF3;n Biblioteca Central UNComa, Mayo 2026</subfield>
    <subfield code="l">0</subfield>
    <subfield code="o">611.91 8 BOU</subfield>
    <subfield code="p">5156</subfield>
    <subfield code="r">2026-05-19</subfield>
    <subfield code="t">Ej.9</subfield>
    <subfield code="w">2026-05-19</subfield>
    <subfield code="y">BK</subfield>
    <subfield code="z">Donaci&#xF3;n Biblioteca Central UNComa, Mayo 2026</subfield>
    <subfield code="f"></subfield>
  </datafield>
</record>
